[Event "Int Open ch-SVK 2012"]
[Site "Banska Stiavnica SVK"]
[Date "2012.07.09"]
[Round "3.3"]
[White "Likavsky,T"]
[Black "Petrik,T"]
[Result "0-1"]
[WhiteElo "2438"]
[BlackElo "2536"]

1.d4 Nf6 2.c4 e6 3.Nc3 Bb4 4.Qc2 O-O 5.a3 Bxc3+ 6.Qxc3 b6 7.Bg5 Bb7 8.e3 d6
9.f3 Nbd7 10.Nh3 c5 11.Be2 Rc8 12.O-O d5 13.cxd5 Nxd5 14.Qd2 f6 15.Bh4 cxd4
16.exd4 Nb8 17.Rfe1 Qd7 18.Bd3 Nc6 19.Bf2 Rfe8 20.Bb5 a6 21.Ba4 b5 22.Bb3 Nce7
23.Rac1 Rxc1 24.Rxc1 Rc8 25.Rc5 h6 26.Kh1 Kh8 27.Ng1 Nb6 28.Qe2 Bd5 29.Bc2 Kg8
30.b3 Nf5 31.Qd3 Rd8 32.Ne2 Bb7 33.Nf4 Bd5 34.g4 Ne7 35.Kg2 f5 36.h3 Kf7
37.Qc3 Rc8 38.gxf5 exf5 39.Rxc8 Nbxc8 40.Qc5 g5 41.Nd3 Kg7 42.Ne5 Qe6 43.b4 Nd6
44.a4 h5 45.h4 g4 46.Be3 Bxf3+ 47.Kh2 bxa4 48.Bg5 a3 49.Qc7 Ne8 50.Qc3 a2
51.Nxf3 Qe2+ 52.Kg1 Nd5 53.Qc6  0-1

[Event "34th Oberwart Open A"]
[Site "Oberwart AUT"]
[Date "2012.07.09"]
[Round "3.2"]
[White "Handler,L"]
[Black "Zelcic,R"]
[Result "1/2-1/2"]
[WhiteElo "2384"]
[BlackElo "2554"]

1.d4 Nf6 2.c4 e6 3.Nc3 Bb4 4.Qc2 O-O 5.e4 d6 6.a3 Bxc3+ 7.bxc3 e5 8.Bd3 Bg4
9.Ne2 Nbd7 10.O-O Bh5 11.f4 Re8 12.Ng3 exf4 13.Bxf4 Bg6 14.Rae1 Nh5 15.Nxh5 Bxh5
16.e5 Nf8 17.exd6 Rxe1 18.Rxe1 cxd6 19.Qb1 Bg6 20.Bxg6 Nxg6 21.Bg3 Qd7 22.Qb5 Qxb5
23.cxb5 d5 24.c4 dxc4 25.d5 f6 26.Bc7 Kf7 27.Re4 c3 28.Rc4 Ne7 29.d6 Nd5
30.d7 Nxc7 31.Rxc3 Ke7 32.Rxc7 Rd8 33.b6 axb6 34.Rxb7 Rxd7 35.Rxb6 Ra7 36.Rb3 g5
37.Kf2 h5 38.Re3+ Kf7 39.Rb3 Kg6 40.Rc3 Ra4 41.Rb3 h4 42.h3 Ra5 43.Rc3 f5
44.Kg1 Kf6 45.Rb3 Kg6 46.Rc3 Kh5 47.Kh2 Ra6 48.Rb3 Kg6 49.Kg1 Kf6 50.Kf2 Ra5
51.Rc3 Ke5 52.Rb3 Kd4 53.Ke2 Kc4 54.Rf3 Rb5 55.Kf2 Kd4 56.Kg1 Ke4 57.Rf1 g4
58.hxg4 fxg4 59.a4 Ra5 60.g3 hxg3  1/2-1/2

[Event "34th Oberwart Open A"]
[Site "Oberwart AUT"]
[Date "2012.07.10"]
[Round "4.21"]
[White "Pallitsch,C"]
[Black "Sadilek,P"]
[Result "1/2-1/2"]
[WhiteElo "2109"]
[BlackElo "2257"]

1.d4 Nf6 2.c4 e6 3.Nc3 Bb4 4.Qc2 O-O 5.Nf3 c5 6.Bg5 cxd4 7.Nxd4 d5 8.cxd5 Qxd5
9.Bxf6 gxf6 10.e3 Nc6 11.Nxc6 Qxc6 12.Bd3 Bxc3+ 13.bxc3 Kh8 14.O-O Qc7 15.Rfc1 Bd7
16.c4 Bc6 17.Be4 Rg8 18.g3 Rg4 19.Bxc6 Qxc6 20.Qb2 Kg7 21.c5 Rc8 22.Rab1 Rc7
23.Qb3 Rg5 24.Qa3 a6 25.Rb6 Qf3 26.c6 Rf5 27.Rf1 bxc6 28.Qxa6 Rd7 29.Rb2 Rd1
30.Qe2 Rxf1+ 31.Qxf1 Rd5 32.Rb1 Ra5 33.Qc4 h5 34.h4 Rd5 35.Rf1 Ra5 36.Rc1 c5
37.a4 Qc6 38.Ra1 Qd5 39.Rc1 Qd2 40.Qc3 Qxc3 41.Rxc3 f5 42.Kf1 Kf6 43.Ke2 Ke5
44.Kd3 Kd5 45.Ra3 e5 46.Kc3 f4 47.Kd3 e4+ 48.Kc3 fxg3 49.fxg3 f5 50.Ra1 Kd6  1/2-1/2

[Event "ch-NOR 2012"]
[Site "Sandefjord NOR"]
[Date "2012.07.10"]
[Round "5.5"]
[White "Getz,N"]
[Black "Fossan,E"]
[Result "1/2-1/2"]
[WhiteElo "2354"]
[BlackElo "2360"]

1.d4 Nf6 2.c4 e6 3.Nc3 Bb4 4.Qc2 O-O 5.a3 Bxc3+ 6.Qxc3 b6 7.Bg5 h6 8.Bh4 Ba6
9.e3 d5 10.Nf3 Nbd7 11.cxd5 Bxf1 12.Rxf1 exd5 13.Ne5 g5 14.Bg3 c5 15.f3 Rc8
16.Kf2 Nh5 17.Rad1 Nxg3 18.hxg3 cxd4 19.Qxd4 Rc2+ 20.Kg1 Nxe5 21.Qxe5 Re8
22.Qd4 Qe7 23.Rf2 Rec8 24.Rfd2 R8c4 25.Qd3 Qc5 26.Kh2 Kg7 27.b4 Rxd2 28.Rxd2 Qc6
29.Qb3 Rc3 30.Qb2 Qf6 31.Rxd5 Rxe3 32.Qa2 Qe6 33.Qd2 Re2 34.Qd4+ Qf6 35.Qd3 Qb2
36.Qd4+ Qxd4 37.Rxd4  1/2-1/2

[Event "ch-NOR 2012"]
[Site "Sandefjord NOR"]
[Date "2012.07.10"]
[Round "5.1"]
[White "Ostenstad,B"]
[Black "Hammer,J"]
[Result "1/2-1/2"]
[WhiteElo "2484"]
[BlackElo "2638"]

1.d4 Nf6 2.c4 e6 3.Nc3 Bb4 4.Qc2 O-O 5.a3 Bxc3+ 6.Qxc3 d6 7.Nf3 Nc6 8.e3 Qe7
9.b4 a5 10.b5 Nb8 11.a4 Nbd7 12.Ba3 b6 13.Be2 Bb7 14.O-O Ne4 15.Qc2 e5 16.Bd3 f5
17.d5 Ndf6 18.Ne1 g6 19.Be2 Rae8 20.f3 Ng5 21.Bb2 Bc8 22.Qc3 h5 23.Nc2 Kh7
24.Na3 Nd7 25.Rae1 Nf7 26.Bd1 Nh6 27.Nb1 Qf6 28.Nd2 h4 29.h3 g5 30.Bc2 Kg8
31.Kh1 f4 32.Ne4 Qg7 33.Nf2 Nc5 34.e4 Kh8 35.Ba3 Nb7  1/2-1/2

[Event "6th Varna Open"]
[Site "Varna BUL"]
[Date "2012.07.11"]
[Round "1.10"]
[White "Triboulin,B"]
[Black "Spassov,L"]
[Result "0-1"]
[WhiteElo "1694"]
[BlackElo "2334"]

1.d4 Nf6 2.c4 e6 3.Nc3 Bb4 4.Qc2 O-O 5.a3 Bxc3+ 6.Qxc3 Qe8 7.g3 a5 8.Bg2 d6
9.Nf3 Nbd7 10.O-O a4 11.Re1 Ne4 12.Qc2 f5 13.Nd2 Nxd2 14.Bxd2 e5 15.e4 f4
16.c5 dxc5 17.dxe5 f3 18.Bh1 b6 19.Bf4 Rxf4 20.gxf4 Qg6+ 21.Kf1 Ba6+  0-1

[Event "Werner-Ott-Open 2012"]
[Site "Berlin GER"]
[Date "2012.07.12"]
[Round "6.5"]
[White "Figura,A"]
[Black "Glantz,R"]
[Result "1-0"]
[WhiteElo "2349"]
[BlackElo "2286"]

1.d4 Nf6 2.c4 e6 3.Nc3 Bb4 4.Qc2 O-O 5.a3 Bxc3+ 6.Qxc3 b6 7.Bg5 Bb7 8.e3 d6
9.Ne2 Nbd7 10.Qc2 h6 11.Bh4 e5 12.d5 b5 13.cxb5 g5 14.Bg3 Nxd5 15.e4 Nf4
16.Nc3 Qe7 17.f3 c6 18.bxc6 Bxc6 19.Bf2 Bb7 20.g3 Ne6 21.Bg2 Nd4 22.Bxd4 exd4
23.Ne2 Ne5 24.Nxd4 Ba6 25.Bf1 Rfc8 26.Qd1 Bxf1 27.Rxf1 d5 28.Nf5 Qf6 29.Kf2 g4
30.fxg4 dxe4 31.Kg2 Nf3 32.Rf2 Rd8 33.Qc1 Kh7 34.Qf4 Qe6 35.Re2 Rac8 36.Qxe4 Qxe4
37.Rxe4 Nd2 38.Re2 Rc2 39.b4 Rb2 40.Rc1 Rd7  1-0

[Event "6th Varna Open"]
[Site "Varna BUL"]
[Date "2012.07.12"]
[Round "2.5"]
[White "Subbotsky,M"]
[Black "Janev,T"]
[Result "0-1"]
[WhiteElo "2031"]
[BlackElo "2397"]

1.d4 Nf6 2.c4 e6 3.Nc3 Bb4 4.Qc2 O-O 5.a3 Bxc3+ 6.Qxc3 Qe8 7.f3 d6 8.e4 e5
9.Be3 Nbd7 10.Bd3 exd4 11.Bxd4 d5 12.O-O-O dxe4 13.Re1 c5 14.Bf2 Qe5 15.Qd2 exd3
16.Rxe5 Nxe5 17.Qc3 Re8 18.Bg3 Nc6 19.Kb1 Bf5 20.Ka1 Rad8 21.Nh3 Re2 22.Rc1 d2
23.Rd1 Rd3 24.Qxd3 Bxd3 25.Nf4 Bc2  0-1

[Event "16th Godesburg Open"]
[Site "Bad Godesberg GER"]
[Date "2012.07.15"]
[Round "9.8"]
[White "Christensen,N1"]
[Black "Kutzner,S"]
[Result "1-0"]
[WhiteElo "2290"]
[BlackElo "2046"]

1.d4 Nf6 2.c4 e6 3.Nc3 Bb4 4.Qc2 O-O 5.e4 d5 6.e5 Ne4 7.Bd3 c5 8.Nf3 cxd4
9.Nxd4 Nc5 10.Bxh7+ Kh8 11.Nf3 d4 12.O-O d3 13.Qd1 d2 14.Bxd2 Kxh7 15.Ng5+ Kg8
16.Qh5 Qd3 17.Nce4  1-0

[Event "Turkish Bank Chess League 2012"]
[Site "Konya TUR"]
[Date "2012.07.16"]
[Round "6"]
[White "Burcu,C"]
[Black "Tuncer,Tuna"]
[Result "1-0"]
[WhiteElo "1952"]
[BlackElo "1770"]

1.d4 Nf6 2.c4 e6 3.Nc3 Bb4 4.Qc2 O-O 5.Bg5 c5 6.dxc5 Nc6 7.e3 Bxc5 8.a3 Be7
9.Rd1 Qa5 10.Nf3 h6 11.Bh4 d5 12.Bd3 Rd8 13.O-O a6 14.cxd5 Nxd5 15.Bxe7 Ndxe7
16.Be4 Rxd1 17.Rxd1 e5 18.Na4 f5 19.b4 Qc7 20.Bxc6 Nxc6 21.h3 Be6 22.Nc5 Qe7
23.Qc3 e4 24.Nd4 Nxd4 25.Qxd4 Re8 26.Qe5 Qf7 27.Rd6 Ba2 28.Qd4 Re7 29.Rd8+ Kh7
30.Qd6 Be6 31.Qb8 Kg6 32.Rf8  1-0

[Event "ch-PHI Grand Final 2012"]
[Site "Boracay PHI"]
[Date "2012.07.17"]
[Round "4.3"]
[White "Barbosa,O PHI"]
[Black "Bitoon,R"]
[Result "1/2-1/2"]
[WhiteElo "2554"]
[BlackElo "2442"]

1.d4 Nf6 2.c4 e6 3.Nc3 Bb4 4.Qc2 O-O 5.a3 Bxc3+ 6.Qxc3 b6 7.Nf3 d6 8.g3 Nbd7
9.Bg2 Bb7 10.O-O c5 11.Rd1 Rc8 12.dxc5 Nxc5 13.Be3 Qe7 14.Rac1 d5 15.Ne5 h6
16.b4 Nce4 17.Qb2 dxc4 18.Nxc4 Rfd8 19.Rxd8+ Qxd8 20.Ne5 Rxc1+ 21.Qxc1 Qd6
22.Nc4 Qc6 23.Bf3 Ba6 24.Ne5 Qxc1+ 25.Bxc1 Bb5 26.Kf1 Kf8 27.Ke1 Ke7 28.e3 Nd6
29.Bd1 Nd5 30.a4 f6 31.Ng6+ Kf7 32.Nf4 Bc4 33.b5 e5 34.Bh5+ Kg8 35.Nxd5 Bxd5
36.Bd1 Kf7 37.f3 e4 38.f4 Nc4 39.Ke2 f5 40.Bd2 Nb2 41.Bc2 Bc4+ 42.Ke1 Bd3
43.Bd1 Nxd1 44.Kxd1 Ke6 45.Bc3 g6 46.Bg7 Kd5 47.Be5 Kc5 48.Bb8 Kb4 49.Bxa7 Kxa4  1/2-1/2

[Event "Maria Albulet Memorial 2012"]
[Site "Braila ROU"]
[Date "2012.07.17"]
[Round "5"]
[White "Erdos,B"]
[Black "Makropoulou,M"]
[Result "1-0"]
[WhiteElo "2175"]
[BlackElo "2248"]

1.d4 Nf6 2.c4 e6 3.Nc3 Bb4 4.Qc2 O-O 5.Nf3 d5 6.cxd5 exd5 7.Bg5 Nbd7 8.e3 c5
9.Be2 Qa5 10.O-O c4 11.Nd2 Re8 12.a3 Bxc3 13.bxc3 h6 14.Bh4 Re6 15.Bf3 Nb6
16.e4 dxe4 17.Nxe4 Nxe4 18.Bxe4 Nd5 19.Bf3 Re8 20.Rab1 Nb6 21.Rbe1 Bf5 22.Qc1 Nd5
23.Qb2 Rxe1 24.Rxe1 Qxc3 25.Qxc3 Nxc3 26.Rc1 Nb5 27.Rxc4 Nxa3 28.Ra4 Nb5
29.g4 Bd7 30.h3 Rc8 31.Bxb7 Rc1+ 32.Kh2 Rd1 33.d5 Nc3 34.Ra5 h5 35.gxh5 Rd3
36.Bg3 a6 37.Ra3 Bb5 38.d6 Kf8 39.Bxa6 Bxa6 40.Rxa6 Ke8 41.Ra3 f6 42.Rb3 Kd7
43.Rb7+ Ke6 44.Re7+ Kf5 45.Rxg7 Ne4 46.h6 Nxg3 47.Rxg3 Rxd6 48.h7  1-0

[Event "112th ch-SUI 2012"]
[Site "Flims SUI"]
[Date "2012.07.18"]
[Round "7.4"]
[White "Korchnoi,V"]
[Black "Carron,J"]
[Result "1/2-1/2"]
[WhiteElo "2558"]
[BlackElo "2372"]

1.d4 Nf6 2.c4 e6 3.Nc3 Bb4 4.Qc2 O-O 5.Bg5 c5 6.e3 h6 7.Bh4 cxd4 8.exd4 Nc6
9.Rd1 d5 10.Nf3 Be7 11.a3 b6 12.b4 dxc4 13.Bxc4 Nd5 14.Bg3 Nxc3 15.Qxc3 Bb7
16.O-O Bf6 17.Be5 Rc8 18.Qb3 Bxe5 19.dxe5 Qc7 20.Rfe1 Rfd8 21.Rxd8+ Rxd8
22.Bf1 Nd4 23.Nxd4 Rxd4 24.Qb2 Rd5 25.h3 Qd7 26.Qc3 Rd2 27.a4 Qd4 28.Qxd4 Rxd4
29.a5 Rxb4 30.a6 Bd5 31.Rc1 b5 32.Rc8+ Kh7 33.Bd3+ Be4 34.Bxe4+ Rxe4 35.Rc7 Re1+
36.Kh2 Ra1 37.Rxa7 Kg6 38.g4 b4 39.Kg3 b3 40.Rb7 Rxa6 41.Rxb3  1/2-1/2

[Event "5th Paleochora Open"]
[Site "Paleochora GRE"]
[Date "2012.07.18"]
[Round "4.3"]
[White "Volkov,Sergey1"]
[Black "Filip,L"]
[Result "1/2-1/2"]
[WhiteElo "2594"]
[BlackElo "2481"]

1.d4 Nf6 2.c4 e6 3.Nc3 Bb4 4.Qc2 O-O 5.a3 Bxc3+ 6.Qxc3 d5 7.Bg5 dxc4 8.Qxc4 b6
9.Rd1 Ba6 10.Qa4 h6 11.Bh4 Qd7 12.Qc2 Qc6 13.Qxc6 Nxc6 14.Bxf6 gxf6 15.Nf3 Rfd8
16.e3 Bxf1 17.Rxf1 Na5 18.Ke2 Rac8 19.Rd2 Kf8 20.Rfd1 Ke7 21.g4 c6 22.h3 Nb7
23.Rc2 c5 24.Rdc1 Kd7 25.Nd2 cxd4 26.Rxc8 Rxc8 27.Rxc8 Kxc8 28.Ne4 dxe3 29.Kxe3 f5
30.gxf5 exf5 31.Nf6 Kd8 32.Kd4 Ke7 33.Ke5 Nc5 34.Ng8+ Kf8 35.Nxh6 Nd3+ 36.Kd5 Nxb2
37.Nxf5 Nd3 38.h4 Nxf2 39.Kc6 Ne4 40.Kb7 Nc3 41.Kxa7 Nb5+ 42.Kxb6 Nxa3 43.Kc5 Kg8
44.Ne3 Kh7 45.Kb4 Kg6 46.Kxa3 Kh5 47.Ng2 f5 48.Kb4 f4 49.Nxf4+ Kxh4  1/2-1/2

[Event "5th Paleochora Open"]
[Site "Paleochora GRE"]
[Date "2012.07.18"]
[Round "4.6"]
[White "Kuljasevic,D"]
[Black "Neelotpal,D"]
[Result "1-0"]
[WhiteElo "2564"]
[BlackElo "2456"]

1.d4 Nf6 2.c4 e6 3.Nc3 Bb4 4.Qc2 O-O 5.a3 Bxc3+ 6.Qxc3 d5 7.Nf3 dxc4 8.Qxc4 b6
9.Bg5 Ba6 10.Qa4 c5 11.dxc5 bxc5 12.Rc1 Qb6 13.Bxf6 gxf6 14.Rc2 Rd8 15.e3 Bxf1
16.Rxf1 Nd7 17.Ke2 Rab8 18.Rd1 Ne5 19.Nxe5 fxe5 20.Qg4+ Kh8 21.Qc4 Rg8 22.g3 Rb7
23.Qxc5 Qxc5 24.Rxc5 Rxb2+ 25.Rd2 Rxd2+ 26.Kxd2 Rd8+ 27.Kc3 e4 28.Rc7 Rd3+
29.Kc2 Rxa3 30.Rxf7 Kg8 31.Rf4 e5 32.Rg4+ Kf7 33.Kb2 Rd3 34.Kc2 Ra3 35.Kb2 Rd3
36.Kc1 Rc3+ 37.Kd2 Rc4 38.f3 Ra4 39.Rxe4 Ra2+ 40.Kd3 Rxh2 41.Rxe5 Rh3 42.Ra5 Rxg3
43.Ke4 Kg6 44.Kf4 Rg1 45.Ra6+ Kh5 46.Rxa7 h6 47.e4 Kh4 48.Rh7 Kh5 49.Rh8 Rf1
50.Rg8 Kh4 51.e5  1-0

[Event "27th Gniota Memorial"]
[Site "Police POL"]
[Date "2012.07.19"]
[Round "9.14"]
[White "Oleniak,W"]
[Black "Przybylska,Agata"]
[Result "0-1"]
[WhiteElo "1863"]
[BlackElo "1651"]

1.d4 Nf6 2.c4 e6 3.Nc3 Bb4 4.Qc2 O-O 5.Bg5 d6 6.a3 Bxc3+ 7.Qxc3 Nbd7 8.Nf3 b6
9.Nd2 Bb7 10.f3 Qc8 11.e4 c5 12.d5 exd5 13.cxd5 Re8 14.Be2 Ba6 15.Bxa6 Qxa6
16.Kf2 h6 17.Be3 Ne5 18.g4 Qc8 19.h3 b5 20.g5 hxg5 21.Bxg5 Nh7 22.Rag1 Nxg5
23.Rxg5 f6 24.Rg3 c4 25.Kg2 Qc5 26.Kh2 Qf2+ 27.Rg2 Qh4 28.Qe3 Kf7 29.f4 Nd3
30.Nf3 Qxf4+ 31.Qxf4 Nxf4 32.Rf2 Rxe4  0-1

[Event "5th Paleochora Open"]
[Site "Paleochora GRE"]
[Date "2012.07.21"]
[Round "7.30"]
[White "Papasimakopoulos,Alexandros"]
[Black "Ambartsumova,K"]
[Result "1/2-1/2"]
[WhiteElo "2045"]
[BlackElo "2322"]

1.d4 Nf6 2.c4 e6 3.Nc3 Bb4 4.Qc2 O-O 5.a3 Bxc3+ 6.Qxc3 d6 7.f3 Nbd7 8.e4 e5
9.Be3 c5 10.d5 Ne8 11.Bd3 Qh4+ 12.g3 Qf6 13.O-O-O a6 14.h4 Qe7 15.Ne2 Rb8
16.g4 b5 17.Ng3 b4 18.Qd2 bxa3 19.bxa3 Nb6 20.Qa5 Qc7 21.Bd2 Bd7 22.Nf5 Qb7
23.Bc3 Na4 24.Kd2 Nxc3 25.Qxc3 Bxf5 26.Rb1 Qc7 27.Rxb8 Qxb8 28.Rb1 Qd8 29.exf5 Qxh4
30.Rb6 Nf6 31.Rxd6 e4 32.Be2 exf3 33.Qxf3 Re8 34.Rxa6 h5 35.gxh5 Qd4+ 36.Qd3 Qb2+
37.Ke1 Ne4 38.Re6 Qc1+ 39.Bd1 fxe6 40.Qxe4 e5 41.a4 Qc3+ 42.Kf1 Rb8 43.d6 Qd2
44.Qd5+ Qxd5 45.cxd5 Rd8 46.Ke2 Rxd6 47.Ke3 Kf7 48.Ke4 Kf6 49.Be2 Rb6 50.Bb5 c4
51.Bxc4 Rb4 52.Kd3 e4+ 53.Kc3 Rxa4 54.d6 e3 55.d7 Ke7 56.h6 gxh6 57.f6+ Kxd7  1/2-1/2

[Event "23rd Czech Open A"]
[Site "Pardubice CZE"]
[Date "2012.07.22"]
[Round "3.80"]
[White "Kuenstler,C"]
[Black "Krensing,J"]
[Result "0-1"]
[WhiteElo "2094"]
[BlackElo "2327"]

1.d4 e6 2.c4 Nf6 3.Nc3 Bb4 4.Qc2 O-O 5.Nf3 d5 6.Bg5 c5 7.dxc5 dxc4 8.e3 Qd5
9.Bxf6 gxf6 10.Nd2 Qxc5 11.Nde4 Qe7 12.Bxc4 f5 13.Ng3 b6 14.O-O Bb7 15.a3 Bd6
16.f4 Nd7 17.Qe2 Nf6 18.Nb5 Rfd8 19.Rad1 a6 20.Nxd6 Rxd6 21.Rxd6 Qxd6 22.Rd1 Qc6
23.Bd3 Rd8 24.Bc2 Rxd1+ 25.Bxd1 Qc1 26.h3 Bd5 27.Kh2 b5 28.Nh5 Ne4 29.Qe1 Bb3
30.Qh4 Qxd1 31.Nf6+ Nxf6 32.Qg5+ Kf8 33.Qxf6 h5 34.Kg3 Qe1+ 35.Kh2 Qd2 36.Kh1 Ke8
37.Qe5 Qd8 38.Qh8+ Ke7 39.Qg7 h4 40.Qg5+ Kd7 41.Qg7 Qe7 42.Qd4+ Qd6 43.Qf6 Qe7
44.Qd4+ Kc6 45.Kh2 Bd5 46.b4 Kb7 47.Qg7 Bc6 48.g3 hxg3+ 49.Kxg3 Qd7 50.Kh4 Qd8+
51.Kg3 Qd2 52.Qxf7+ Kb6 53.Kh4 Qxe3 54.Kg5 Qg3+ 55.Kf6 Qxf4 56.Qf8 Qd4+ 57.Ke7 f4
58.Qb8+ Bb7 59.Kxe6 f3 60.Qf8 f2 61.h4  0-1

[Event "23rd Czech Open A"]
[Site "Pardubice CZE"]
[Date "2012.07.23"]
[Round "4.9"]
[White "Bryzgalin,K"]
[Black "Stocek,J"]
[Result "1/2-1/2"]
[WhiteElo "2490"]
[BlackElo "2573"]

1.d4 Nf6 2.c4 e6 3.Nc3 Bb4 4.Qc2 O-O 5.a3 Bxc3+ 6.Qxc3 d6 7.Nf3 Re8 8.Bg5 Qe7
9.Qc2 h6 10.Bh4 e5 11.e3 Bg4 12.d5 Nbd7 13.Nd2 e4 14.h3 Bh5 15.g4 Bg6 16.Rg1 c6
17.dxc6 bxc6 18.Be2 Rab8 19.Qc3 Ne5 20.b4 a5 21.Nb3 axb4 22.axb4 c5 23.b5 d5
24.cxd5 Nxd5 25.Bxe7 Nxc3 26.Bxc5 Nxe2 27.Kxe2 Rxb5 28.Rgb1 h5 29.Bd6 hxg4
30.Bxe5 Rbxe5 31.hxg4 Rg5 32.Rg1 Rxg4 33.Rxg4 Bh5 34.f3 exf3+ 35.Kxf3 f5
36.Kf4 Bxg4 37.Nc5 Bh5 38.e4 fxe4 39.Nxe4 Bg6 40.Ng5 Rf8+ 41.Kg3 Rb8  1/2-1/2

[Event "ch-AUT 2012"]
[Site "Zwettl AUT"]
[Date "2012.07.23"]
[Round "3.8"]
[White "Schroll,G"]
[Black "Lenz,A"]
[Result "1-0"]
[WhiteElo "2394"]
[BlackElo "2197"]

1.d4 Nf6 2.c4 e6 3.Nc3 Bb4 4.Qc2 O-O 5.a3 Bxc3+ 6.Qxc3 d6 7.Nf3 Nbd7 8.e3 b6
9.Be2 Bb7 10.O-O Ne4 11.Qc2 f5 12.Ne1 c5 13.f3 Nef6 14.Nd3 Qe7 15.b4 Rac8
16.Bd2 d5 17.bxc5 dxc4 18.Qxc4 Bd5 19.Qa6 bxc5 20.Nxc5 Nxc5 21.dxc5 Rc6 22.Qa4 Qxc5
23.Rfc1 Qb6 24.Rxc6 Bxc6 25.Qb4 Nd5 26.Qxb6 Nxb6 27.Rc1 Bd5 28.Ba6 Rd8 29.Ba5 Rd7
30.Bb5 Rb7 31.Kf2 Kf7 32.Ba6 Rd7 33.h4 Re7 34.Bb4 Rd7 35.Kg3 g6 36.Rc5 h6
37.Rc1 Kf6 38.Bc3+ Kf7 39.Bd4 Kf8 40.a4 Kf7 41.a5  1-0

[Event "27th Avoine Open"]
[Site "Avoine FRA"]
[Date "2012.07.25"]
[Round "5.22"]
[White "Decosse,J"]
[Black "Garnier,T"]
[Result "1-0"]
[WhiteElo "2216"]
[BlackElo "2055"]

1.d4 Nf6 2.c4 e6 3.Nc3 Bb4 4.Qc2 O-O 5.a3 Bxc3+ 6.Qxc3 b6 7.Nf3 Ne4 8.Qc2 Bb7
9.e3 d6 10.Be2 f5 11.O-O Nd7 12.b4 Rf6 13.d5 c5 14.dxc6 Bxc6 15.Nd4 Bb7 16.f3 Rg6
17.Nxe6 Rxe6 18.fxe4 Bxe4 19.Bd3 Rc8 20.Bb2 Qe7 21.Bd4 b5 22.Bxe4 Rxe4 23.Rxf5 bxc4
24.Bxa7 Nf6 25.Bd4 Ng4 26.Rf4 Rxd4 27.exd4 Qe3+ 28.Rf2 Rf8 29.Qxc4+ Kh8 30.Qe2 Qxd4
31.Rf1 Nxf2 32.Rxf2 h6 33.h3 d5 34.b5 Kh7 35.a4 Rxf2 36.Qxf2 Qd1+ 37.Qf1 Qd4+
38.Kh1 Qxa4 39.Qb1+  1-0

[Event "PAB Romania Open 2012"]
[Site "Arad ROU"]
[Date "2012.07.27"]
[Round "1.12"]
[White "Dobrin,C"]
[Black "Suba,M"]
[Result "0-1"]
[WhiteElo "1875"]
[BlackElo "2428"]

1.d4 Nf6 2.c4 e6 3.Nc3 Bb4 4.Qc2 O-O 5.a3 Bxc3+ 6.Qxc3 h6 7.Nf3 b6 8.Bf4 Bb7
9.e3 d6 10.Be2 Nbd7 11.O-O Ne4 12.Qc2 f5 13.h3 Qe7 14.Nd2 e5 15.dxe5 dxe5
16.Bh2 Nxd2 17.Qxd2 Rad8 18.Qc3 Qg5 19.f3 f4 20.exf4 exf4 21.Rad1 Ne5 22.Rxd8 Rxd8
23.Qc1 Ng6 24.b4 c5 25.bxc5 Re8 26.Qd2 bxc5 27.Bd1 Re3 28.Kh1 Nh4 29.Bxf4 Qxf4
30.Qd8+ Kh7 31.Bc2+ Nf5 32.Qd7 Be4  0-1

[Event "21st Kavala Open A"]
[Site "Kavala GRE"]
[Date "2012.07.27"]
[Round "4"]
[White "Saric,S"]
[Black "Ioannidis,Ev"]
[Result "1-0"]
[WhiteElo "2462"]
[BlackElo "1912"]

1.d4 Nf6 2.c4 e6 3.Nc3 Bb4 4.Qc2 O-O 5.e4 d6 6.a3 Bxc3+ 7.bxc3 c5 8.e5 dxe5
9.dxe5 Nfd7 10.Nf3 h6 11.Bd3 Nc6 12.Bf4 g5 13.Be3 Ncxe5 14.Nxe5 Nxe5 15.Bh7+ Kg7
16.Bxc5 f5 17.Bd4 Qc7 18.Qe2 Kxh7 19.Bxe5 Qc6 20.f3 Rg8 21.Rd1 b6 22.Rd4 h5
23.O-O Ba6 24.Rfd1 Rac8 25.f4 g4 26.Rd7+ Kg6 27.Qf2 Qc5 28.R1d4 Kh6 29.Qh4 Qxa3
30.Rh7+  1-0

[Event "23rd Czech Open A"]
[Site "Pardubice CZE"]
[Date "2012.07.27"]
[Round "8.32"]
[White "Bernasek,J"]
[Black "Nemcova,Kat"]
[Result "1-0"]
[WhiteElo "2487"]
[BlackElo "2270"]

1.d4 Nf6 2.c4 e6 3.Nc3 Bb4 4.Qc2 O-O 5.a3 Bxc3+ 6.Qxc3 d5 7.Bg5 c5 8.dxc5 d4
9.Qc2 Nbd7 10.Nf3 e5 11.b4 a5 12.Rd1 h6 13.Bxf6 Qxf6 14.g3 axb4 15.axb4 d3
16.Qxd3 e4 17.Qxe4 Qc3+ 18.Nd2 Ra2 19.Qe3 Qxb4 20.Bg2 Nxc5 21.O-O Be6 22.Bd5 b5
23.Bxe6 Nxe6 24.cxb5 Qxb5 25.Ra1 Rb2 26.Rab1 Rd8 27.Rxb2 Qxb2 28.Nf3 Nd4
29.Nxd4 Qxd4 30.Qb3 Ra8 31.Qb1 Qe5 32.Re1 h5 33.h4 g6 34.e3 Qc3 35.Rd1 Qf6
36.Rd4 Qf3 37.Rf4 Qd5 38.Kh2 Qe6 39.Qb7 Re8 40.Qf3 Kg7 41.Qb7 Re7 42.Qb4 Qe5
43.Rd4 Qf6 44.Kg2 Qc6+ 45.Kh2 Qf6 46.Qd2 Rb7 47.Qc2 Re7 48.Kg2 Qe5 49.Qd3 Kh7
50.Qa6 Qb8 51.Qf6 Qe5 52.Qc6 Qc7 53.Qf3 Qe5 54.Qa8 Re8 55.Qc6 Qe6 56.Qf3 Re7
57.e4 Qe5 58.Qc3 Qe6 59.Qc5 Qe5 60.Qd5 Kg7 61.Qc4 Rc7 62.Qd3 Re7 63.Rc4 Kh7
64.Qd8 Re8 65.Qd7 Re7 66.Qc6 Re6 67.Qb7 Re7 68.Qb4 Rc7 69.Rd4 Re7 70.Qc4 Kg7
71.Kf3 Rc7 72.Qd3 Qa5 73.Kg2 Rc3 74.Qd1 Qc5 75.Rd8 Qc4 76.Qd6 Qxe4+ 77.Kh2 Rc6
78.Qf8+ Kf6 79.Rd4  1-0

[Event "23rd Czech Open A"]
[Site "Pardubice CZE"]
[Date "2012.07.28"]
[Round "9.68"]
[White "Strunski,A"]
[Black "Feldtmann,T"]
[Result "1/2-1/2"]
[WhiteElo "2366"]
[BlackElo "2257"]

1.d4 Nf6 2.c4 e6 3.Nc3 Bb4 4.Qc2 O-O 5.Bg5 d5 6.a3 Bxc3+ 7.bxc3 c5 8.Nf3 h6
9.Bxf6 Qxf6 10.e3 b6 11.Rd1 Bb7 12.cxd5 cxd4 13.cxd4 Rc8 14.Qb1 Bxd5 15.e4 Bb7
16.Bd3 Nc6 17.e5 Qe7 18.Qb2 Na5 19.Qb4 Qxb4+ 20.axb4 Nc4 21.Be2  1/2-1/2

[Event "23rd Czech Open A"]
[Site "Pardubice CZE"]
[Date "2012.07.28"]
[Round "9.16"]
[White "Michiels,B"]
[Black "Narayanan,Sri"]
[Result "1-0"]
[WhiteElo "2515"]
[BlackElo "2399"]

1.d4 Nf6 2.c4 e6 3.Nc3 Bb4 4.Qc2 O-O 5.a3 Bxc3+ 6.Qxc3 b6 7.Bg5 Bb7 8.f3 h6
9.Bh4 d5 10.e3 Nbd7 11.cxd5 Nxd5 12.Bxd8 Nxc3 13.Bh4 Nd5 14.Bf2 c5 15.e4 Ne7
16.Ne2 Rfd8 17.O-O-O Rac8 18.Nc3 cxd4 19.Rxd4 Nc6 20.Rd1 Nc5 21.Rxd8+ Rxd8
22.Kc2 a5 23.Bb5 Nd4+ 24.Bxd4 Rxd4 25.Rd1 Rxd1 26.Nxd1 e5 27.Ne3 Ne6 28.Kc3 Nd4
29.a4 Bc8 30.Nc4 Nxb5+ 31.axb5 Bd7 32.Nxe5 Bxb5 33.Nc4 g5 34.Kd4 g4 35.f4 g3
36.hxg3 Kg7 37.Nxb6 Kg6 38.Nc4 Kh5 39.Kc5 Ba6 40.Ne3 Bd3 41.e5  1-0

[Event "Politiken Cup 2012"]
[Site "Helsingor DEN"]
[Date "2012.07.30"]
[Round "4.117"]
[White "Alfven,Jorgen"]
[Black "Kristiansen,Espen"]
[Result "1-0"]
[WhiteElo "1848"]
[BlackElo "1634"]

1.d4 Nf6 2.c4 e6 3.Nc3 Bb4 4.Qc2 O-O 5.a3 Bxc3+ 6.Qxc3 Ne4 7.Qc2 d5 8.e3 b6
9.Bd3 Bb7 10.cxd5 exd5 11.Nf3 Nd7 12.O-O Rc8 13.Nd2 Ndf6 14.f3 Nd6 15.b4 Re8
16.Nb3 h6 17.Bd2 Re7 18.Rae1 Qd7 19.Nc1 Rce8 20.Ne2 Qd8 21.Ng3 Bc8 22.e4 dxe4
23.fxe4 Nd7 24.e5 Nb7 25.Bc4 Rf8 26.Bxh6 gxh6 27.Qg6+ Kh8 28.Qxh6+ Kg8 29.Nf5 Nf6
30.Qg7+  1-0

[Event "Politiken Cup 2012"]
[Site "Helsingor DEN"]
[Date "2012.08.04"]
[Round "9.89"]
[White "Jensen,Tobias Ilsoe"]
[Black "Hyldkrog,L"]
[Result "1/2-1/2"]
[WhiteElo "1812"]
[BlackElo "2041"]

1.d4 Nf6 2.c4 e6 3.Nc3 Bb4 4.Qc2 O-O 5.a3 Bxc3+ 6.Qxc3 d6 7.Bg5 Nbd7 8.e3 b6
9.Bd3 h6 10.Bh4 Ba6 11.Ne2 Rc8 12.Qc2 c5 13.Qa4 Bb7 14.O-O Qc7 15.f3 cxd4
16.exd4 Bc6 17.Qc2 d5 18.Bg3 Qb7 19.c5 bxc5 20.dxc5 a5 21.b4 axb4 22.axb4 Bb5
23.Bxb5 Qxb5 24.Bd6 Rfe8 25.Rfb1 e5 26.Ra5 Qb7 27.b5 Re6 28.Ra6 Nxc5 29.Bxc5 Nd7
30.Qa2 Nxc5 31.Ra3 Qb6 32.Kh1 d4 33.Rc1 Qxb5 34.Ra5 Qb6 35.Ng3 Rec6 36.Ra7 Nb3
37.Rxc6 Rxc6 38.h3 Rc1+ 39.Kh2 Ra1 40.Ra8+ Kh7 41.Qc2+ g6 42.Rxa1 Nxa1 43.Qc4 Qb3
44.Qc7 Qe6 45.Ne4 Nb3 46.h4 Kg7 47.h5 gxh5 48.f4 d3 49.Qc3 Qd5 50.fxe5 Qxe4
51.e6+ Kg6 52.e7 d2 53.Qxb3 Qe5+ 54.Qg3+ Qxg3+ 55.Kxg3 d1=Q 56.e8=Q Qd6+
57.Kf2 Qf6+ 58.Kg1 h4 59.Qe4+ Qf5 60.Qxh4 Qc5+ 61.Kf1 Qc1+ 62.Kf2 Qd2+ 63.Kf1 Qd3+
64.Kg1 Qe3+ 65.Kf1 f5 66.Qc4 Kg5 67.Qg8+ Kh4 68.Qd8+ Kg3 69.Qg8+ Kh2 70.Qf8 Qg1+
71.Ke2 Qxg2+ 72.Ke1 Qg5 73.Qd6+ Kg2 74.Qd5+ Kg3 75.Qd3+ Kh4 76.Ke2 f4 77.Qe4 Qg4+
78.Kf2 Qg3+ 79.Kf1 h5 80.Qe7+ Kh3 81.Qe6+ Qg4 82.Qb3+ f3 83.Kf2 Qg2+ 84.Ke3 f2
85.Ke2+ Qg3 86.Qf7 h4 87.Qxf2 Qg2 88.Ke1 Qg3 89.Kf1 Qd3+ 90.Kg1 Qd1+ 91.Qf1+ Qxf1+
92.Kxf1 Kh2 93.Kf2 h3 94.Kf1 Kh1 95.Kf2 h2  1/2-1/2

[Event "Politiken Cup 2012"]
[Site "Helsingor DEN"]
[Date "2012.08.04"]
[Round "9.11"]
[White "Rossen,C"]
[Black "Svane,R"]
[Result "0-1"]
[WhiteElo "2223"]
[BlackElo "2367"]

1.d4 Nf6 2.c4 e6 3.Nc3 Bb4 4.Qc2 O-O 5.a3 Bxc3+ 6.Qxc3 b6 7.Bg5 Bb7 8.Nf3 d6
9.Nd2 Nbd7 10.f3 h6 11.Bh4 c5 12.e4 Rc8 13.d5 exd5 14.Bxf6 Nxf6 15.cxd5 Re8
16.O-O-O c4 17.Kb1 b5 18.g4 Qb6 19.Rc1 Bxd5 20.h4 a5 21.b4 cxb3 22.Qxc8 Rxc8
23.Rxc8+ Kh7 24.exd5 Qe3 25.Rh2 Nxd5 26.Rg2 Nf4 27.Rh2 Qg1 28.Rc1 Qxh2 29.Nxb3 Ne2
30.h5 Nxc1  0-1

[Event "Miguel Najdorf Open A"]
[Site "Warsaw POL"]
[Date "2012.08.06"]
[Round "1.8"]
[White "Staniszewski,Pi"]
[Black "Goslawski,M"]
[Result "1/2-1/2"]
[WhiteElo "2429"]
[BlackElo "2121"]

1.d4 Nf6 2.c4 e6 3.Nc3 Bb4 4.Qc2 O-O 5.Nf3 d5 6.a3 Bxc3+ 7.Qxc3 dxc4 8.Qxc4 b6
9.Bg5 Ba6 10.Qa4 c5 11.Rd1 Qd7 12.Qc2 cxd4 13.Bxf6 gxf6 14.Rxd4 Rc8 15.Rxd7 Rxc2
16.Rd2 Rc1+ 17.Rd1 Rc2 18.Rd2 Rc1+ 19.Rd1 Rc2  1/2-1/2